| 000 | 00833nam a22002297a 4500 | ||
|---|---|---|---|
| 003 | OSt | ||
| 005 | 20190115090756.0 | ||
| 008 | 130925t xxu||||| |||| 00| 0 eng d | ||
| 020 | _a9780199124497 | ||
| 050 |
_aPB 6.209.1 _b.B768 2004 |
||
| 100 |
_aBourdais, Daniele _92668 |
||
| 245 |
_aEquipe nouvelle 1 : L _bivre de l'eltudiant / _cDaniele Bourdais. |
||
| 260 |
_aOxford : _bOxford University Press, _cc2004. |
||
| 300 |
_a158 p. : _bill. col. ; _c28 cm. |
||
| 500 | _aIncludes Glossary | ||
| 651 |
_aModern languages (ie other than English) _xFrench _921657 |
||
| 651 |
_aNon-Fiction _xage level unknown. _921658 |
||
| 651 |
_aFrench language _xStudy and teaching (Secondary) _xEnglish speakers. _921659 |
||
| 651 |
_aFrench language _xTextbooks for foreign speakers _xEnglish. _921660 |
||
| 942 |
_2lcc _cBK |
||
| 999 |
_c12102 _d12102 |
||